000 00577nam a2200193Ia 4500
003 GCL
008 140319s9999 xx 000 0 ara d
040 _aGCL /
_cGCL
082 0 4 _a823.08
_bف ع
100 1 _aمحمد مصطفى هدارة
245 1 0 _aعالم القصة /
_cمحمد مصطفى هدارة
700 1 _aفوتو، دى برنار
300 _a295 ص
490 _a
650 0 4 _aالقصة الانجليزية المترجمة
650 0 4 _aالادب الانجليزى المترجم
650 0 4 _aالقصص المترجمة
942 _2ddc
_cBK
999 _c40328
_d40328